El estado de la sociedad industrial

Tallennettuna:
Bibliografiset tiedot
Päätekijä: Forsthoff, Ernst (Tekijä)
Aineistotyyppi: Kirja
Kieli:espanja
Julkaistu: Madrid Instituto de Estudios Políticos 1975
Sarja:Civitas
Aiheet:
Tagit: Lisää tagi
Ei tageja, Lisää ensimmäinen tagi!

MARC

LEADER 00000nam a2200000 a 4500
001 UCT9653
003 CL-VaPUC
008 970411e19750000SP |||||||||||||||||spa|d
082 0 4 |a 342.43  |b FOR  |2 21 
100 0 |a Forsthoff, Ernst  |e author  |9 382534 
245 1 3 |a El estado de la sociedad industrial 
300 |a 291 p 
942 |c BK 
945 |d 19970411 00:00:00  |a paguirre 
260 |a Madrid  |b Instituto de Estudios Políticos  |c 1975 
650 0 |a Constituciones  |9 255417 
650 0 |a Estado  |9 255503 
650 0 |a Sociedad  |9 307903 
650 7 |a PARTICIPACION POLITICA  |2 CL-VaPUC  |9 382535 
650 0 |a Elecciones  |9 254997 
650 0 |a Partidos políticos  |9 254999 
650 0 |a Poder ejecutivo  |9 255177 
650 0 |a Jurisprudencia  |9 255952 
650 0 |a Derechos civiles y políticos   |9 338684 
651 0 |a Alemania  |9 255688 
583 |a last modification  |c 19970411 00:00:00  |k Rodrigo Vera 
490 0 |a Civitas 
999 |c 258034  |d 258032 
952 |0 0  |1 0  |4 0  |6 342_430000000000000_FOR_1975  |7 0  |8 A  |9 281795  |a BIBDER  |b BIBDER  |d 2019-11-19  |i 1828223  |o 342.43 FOR 1975  |p 1828223  |r 2023-01-25  |w 2019-11-19  |y BK  |k DER